Ten Elizabethan poets : (Record no. 21412)
[ view plain ]
| 000 -LEADER | |
|---|---|
| fixed length control field | 00944nam a22002772a 4500 |
| 001 - CONTROL NUMBER | |
| control field | 21412 |
| 003 - CONTROL NUMBER IDENTIFIER | |
| rucl marc code | UkOxU |
| 005 - DATE AND TIME OF LATEST TRANSACTION | |
| control field | 20211209000701.0 |
| 008 - FIXED-LENGTH DATA ELEMENTS--GENERAL INFORMATION | |
| fixed length control field | 140304s1969 enk b 000 0 eng d |
| 020 ## - INTERNATIONAL STANDARD BOOK NUMBER | |
| International Standard Book Number | 0582341612 |
| 035 ## - SYSTEM CONTROL NUMBER | |
| System control number | (BD-RjUL) 21476 |
| -- | OCLC ocm00063850 from D951026M |
| 040 ## - CATALOGING SOURCE | |
| Original cataloging agency | DLC |
| Transcribing agency | DLC |
| Modifying agency | UKM |
| -- | EQO |
| -- | BD-RjUL |
| Language of cataloging | eng |
| 041 ## - LANGUAGE CODE | |
| Language code of text/sound track or separate title | eng |
| 082 ## - DEWEY DECIMAL CLASSIFICATION NUMBER | |
| Classification number | 821.308 |
| Author mark and year | TEN 1969 |
| 245 10 - TITLE STATEMENT | |
| Title | Ten Elizabethan poets : |
| Statement of responsibility, etc. | selected and edited by Philip Hobsbaum |
| Remainder of title | Wyatt, Chapman, Marston, Stanyhurst, Golding, Harington, Raleigh, Greville, Sidney, Spenser / |
| 260 ## - PUBLICATION, DISTRIBUTION, ETC. (IMPRINT) | |
| Place of publication, distribution, etc. | Harlow : |
| Name of publisher, distributor, etc. | Longmans, |
| Date of publication, distribution, etc. | c1969 |
| 300 ## - PHYSICAL DESCRIPTION | |
| Pagination | vii, 199 p. ; |
| Size | 20 cm |
| 490 1# - SERIES STATEMENT | |
| Series statement | Longmans' English series |
| 504 ## - BIBLIOGRAPHY, ETC. NOTE | |
| Bibliography, etc | Includes bibliography (p. 196-199). |
| 650 #0 - SUBJECT ADDED ENTRY--TOPICAL TERM | |
| Topical term or geographic name as entry element | English poetry |
| Chronological subdivision | Early modern, 1500-1700 |
| 9 (RLIN) | 4392 |
| 700 1# - ADDED ENTRY--PERSONAL NAME | |
| Personal name | Hobsbaum, Philip. |
| 830 #0 - SERIES ADDED ENTRY--UNIFORM TITLE | |
| Uniform title | Longmans' English series |
| 942 ## - ADDED ENTRY ELEMENTS (KOHA) | |
| Source of classification or shelving scheme | Dewey Decimal Classification |
| Koha item type | Books |
| Lost status | Source of classification or shelving scheme | Damaged status | Not for loan | Collection code | Permanent Location | Current Location | Shelving location | Date acquired | Source of acquisition | Cost, normal purchase price | Total Checkouts | Full call number | Date last seen | Copy number | Koha item type |
|---|---|---|---|---|---|---|---|---|---|---|---|---|---|---|---|
| Dewey Decimal Classification | Added to bundle | Fiction | Central Library, University of Rajshahi | Central Library, University of Rajshahi | Reading Room | 21/05/1970 | Janathan Bokk House | 8.40 | 821.308 TEN 1969 | 04/03/2014 | C-1 | Books |